000 04315nam a22005657a 4500
001 DVD-007720-728
005 20110824111529.0
006 a|||||r|||||00| 0
007 vd bvaizu
008 091030s2008 ii 137 g vlhin
010 _aDVD-007720-728
024 _aDHIF2011S
_c399.00
035 _aDVD-007720-728
040 _aDLC
_cDLC
_dDLC
_eamim
082 _aDVD / POOJ
245 0 0 _aPooja ke phool /
_cA.V.M. present ; directed by A.Bhim Singh; music by Madan Mohan
257 _aIndia.
260 _aNew Delhi :
_bMoser Baer Entertainment,
_cp2010.
300 _a1 videodisc of 1 (DVD) :
_bsd., b&w ;
_c4 3/4 in.
_3viewing copy.
440 _aAshok Kumar Six classic films: 3
_933466
500 _aCopyright notice on container: Moser baer
500 _aOriginally released theatrically in 1964.
500 _aSummary taken from IMDB.com.
508 _aLyrics, ; music, O.P.Nayyar ;
511 1 _aAshok Kumar, Mala Sinha, Pranm Sandhya Roy,Shivraj and Dharmendra
520 _aBalraj (Dharmendra), affectionately called Raj, by his elder brother (Nana Palsikar) and sister Vija (Madhumati), is a student in college in the arts semester. As the family is not very rich, Raj decides to move from the hostel to the residence of a family. He finds one such family in Gandhinagar, which consists of Choudhury Hukumat Rai (Ashok Kumar), a lawyer by profession, his wife (Nimmi), and only daughter Shanti (Mala Sinha). Hukumat takes an instant liking to Raj, and tells him that his wife will only allow him to take up residence if he tells her that he is already married. Raj reluctantly does so, and thus acquires residence with the Rai family. Eventually Mrs. Rai takes a liking to Raj, so does Shanti. Shanti finds out Raj and her dad had lied to the family about Raj's marital status, she confronts Raj, and he readily admits that he lied. Both fall in love. Mr. and Mrs. Rai are thrilled...
538 _aNTSC all region
546 _aIn Hindi. with English Subtitles
650 0 _aFamily
_vDrama.
_933467
650 0 _aMusical
_vDrama.
_933468
650 0 _aHindi
_vDrama.
_933469
700 1 _aBhim Singh, A..,
_edirection.
_933470
700 1 _aMeiyappan, A.V.
_eproduction.
_933471
700 1 _aMadan Mohan.
_emusic.
_933472
700 1 _aVittal Rao, G.
_eCinematography
_933505
710 2 _aMoser Baer (New Delhi, India)
_933473
856 _uhttp://www.imdb.com/title/tt0156903/
942 _2ddc
_cCF
_hDVD
_mPOOJ
999 _c55871
_d55871